| 000 | 01038nam a2200205Ia 4500 | ||
|---|---|---|---|
| 999 |
_c38028 _d38028 |
||
| 001 | 4013 | ||
| 003 | GE_BSU | ||
| 005 | 20190823173156.0 | ||
| 008 | 181216s1981||||ge |||||||||||||| ||geo|| | ||
| 040 | _cGE_BSU | ||
| 041 | _ageo | ||
| 080 | _a34(479.22)(091) ქ–27 | ||
| 245 |
_aქართული სამართლის ძეგლები : _bტ. 7 : სასამართლო არზა-ოქმები / _cტექსტი გამოსცა, წინასიტყვაობა და შენიშვნები დაურთო ი. დოლიძემ ; საქ. სსრ მეცნ. აკადემია. |
||
| 264 |
_aთბ. : _b მეცნიერება, _c1981. |
||
| 300 |
_a870 გვ.; _b 22 სმ. |
||
| 653 | _aსასამართლო არზა–ოქმები. | ||
| 653 | _aქართული სამართლის ძეგლები. | ||
| 700 |
_aდოლიძე, ი. _eშემდგენელი _93777 |
||
| 942 |
_cBK _2udc |
||